[Event "Autumn 2010"]
[Site "SchemingMind.com"]
[Date "2010.10.05"]
[Round "-"]
[White "Maksymiliang"]
[Black "pclaxton"]
[Result "1-0"]
[WhiteCountry "POL"]
[BlackCountry "ENG"]
[WhiteElo "1269"]
[WhiteRD "88"]
[BlackElo "1359"]
[BlackRD "60"]
[GameID "262134"]

1. c4 d5 2. d4 dxc4 3. e3 e6 4. Bxc4 Nf6 5. Nf3 Nc6 6. Nc3 Bb4 7. O-O O-O 8. Qc2 Bd7 9. a3 Ba5 10. Bd2 a6
11. b4 Bxb4 12. axb4 Nxb4 13. Qb2 b5 14. Qxb4 bxc4 15. Qxc4 h6 16. Rfc1 Rc8 17. Rxa6 Ra8 18. Rxa8 Qxa8 19. Qxc7 Rc8 20. Qf4 Bc6
21. h3 g5 22. Qxf6 Ba4 23. Qxh6 g4 24. Qg5+ Kf8 25. Qxg4 Bc6 26. Ne2 f5 27. Bb4+ Ke8 28. Qg8+ Kd7 29. Qf7+ Kd8 30. Qe7#
1-0

[Event "Autumn 2010"]
[Site "SchemingMind.com"]
[Date "2010.10.05"]
[Round "-"]
[White "Shanks"]
[Black "pclaxton"]
[Result "1-0"]
[WhiteCountry "ENG"]
[BlackCountry "ENG"]
[WhiteElo "1457"]
[WhiteRD "67"]
[BlackElo "1351"]
[BlackRD "57"]
[GameID "262135"]

1. Nf3 e6 2. d4 d5 3. g3 Qd6 4. Bg2 c5 5. O-O cxd4 6. Nxd4 g6 7. c3 e5 8. Nc2 Nf6 9. Nd2 Bf5 10. Ne3 Qe6
11. Nxf5 Qxf5 12. Qa4+ Nbd7 13. Qb3 Nc5 14. Qd1 h5 15. Nf3 Bd6 16. h4 e4 17. Nd4 Qe5 18. e3 Ng4 19. Ne2 O-O 20. Bd2 Nd3
21. Qc2 b5 22. Nf4 b4 23. c4 dxc4 24. Qxc4 Nxf4 25. exf4 Qxb2 26. Bxe4 Rac8 27. Qe2 f5 28. Bd5+ Kh8 29. Bb3 Rce8 30. Qd3 Bc5
31. Rab1 Qf6 32. Bc1 Rd8 33. Qf3 Rd4 34. Bb2 Rfd8 35. Bxd4 Bxd4 36. Kg2 Rc8 37. Bd1 Rc3 38. Qa8+ Kh7 39. Qb7+ Kh6 40. Bxg4 fxg4
41. Qxb4 Qc6+ 42. Kg1 Bb6 43. Qf8+ Kh7 44. Qe7+ Kh6 45. Qg5+ Kg7 46. Rbe1 Qd6 47. Re7+ Kg8 48. f5 Bd8 49. Re8+ Kg7 50. Rxd8 Qe5
51. Rd7+ Kf8 52. Rxa7 Qc5 53. Qh6+ Ke8 54. Qxg6+ Kd8 55. Qg8+ Qf8 56. Qxf8#
1-0

[Event "Autumn 2010"]
[Site "SchemingMind.com"]
[Date "2010.10.02"]
[Round "-"]
[White "maro"]
[Black "pclaxton"]
[Result "0-1"]
[WhiteCountry "MEX"]
[BlackCountry "ENG"]
[WhiteElo "1357"]
[WhiteRD "52"]
[BlackElo "1300"]
[BlackRD "64"]
[GameID "262136"]

1. d4 Nc6 2. e4 e5 3. d5 Nb4 4. c3 Na6 5. Bxa6 bxa6 6. Nh3 c6 7. c4 Nf6 8. Nc3 Bb4 9. Bd2 Qe7 10. a3 Bxc3
11. Bxc3 Nxe4 12. Bb4 Qh4 13. O-O f5 14. dxc6 dxc6 15. Qa4 Kd7 16. Rad1+ Kc7 17. Ba5+ Kb8 18. Qxc6 Qe7 19. Bb4 Qc7 20. Qd5 Rd8
21. Qa5 Rxd1 22. Qxc7+ Kxc7 23. Rxd1 Be6 24. f3 Nf6 25. Bd6+ Kc6 26. Bxe5 Ne8 27. Nf4 Bxc4 28. Rc1 Kc5 29. b3 g5 30. Rxc4+ Kb5
31. a4+ Kb6 32. Nd5+ Kb7 33. a5 Rd8 34. Rb4+ Kc8 35. Rb8+ Kd7 36. Rb7+ Ke6 37. Bg3 Rxd5 38. b4 f4 39. Bf2 Rd1+ 40. Be1 Rxe1+
41. Kf2 Re5 42. Rxa7 h6 43. Rxa6+ Nd6
0-1

[Event "Autumn 2010"]
[Site "SchemingMind.com"]
[Date "2010.10.02"]
[Round "-"]
[White "Shell"]
[Black "pclaxton"]
[Result "0-1"]
[WhiteCountry "ENG"]
[BlackCountry "ENG"]
[WhiteElo "1256"]
[WhiteRD "73"]
[BlackElo "1351"]
[BlackRD "58"]
[GameID "262137"]

1. d4 Nc6 2. e4 d5 3. e5 f6 4. Nc3 e6 5. Bb5 a6 6. Be2 fxe5 7. Nf3 Qf6 8. Bg5 Qg6 9. O-O exd4 10. Na4 b5
11. Nc5 Bxc5 12. Bd3 Qh5 13. a3 h6 14. Bh4 e5 15. b4 e4 16. Re1 Nge7 17. bxc5 Nf5 18. g3 e3 19. fxe3 dxe3 20. Be2 O-O
21. Ne5 Qe8 22. Qxd5+ Be6 23. Qxc6 Qxc6 24. Nxc6 Bd5 25. g4 Nxh4 26. Ne7+ Kf7 27. Nxd5 Rac8 28. Rf1+ Ke6 29. Rad1 c6 30. Nb6 Rc7
31. Rd6+ Ke7 32. a4 bxa4 33. Bxa6 Nf3+ 34. Kg2 Nh4+ 35. Kh3 Rxf1 36. Bxf1 Nf3 37. Nc4 g5 38. Rxh6 Kf7 39. Rh7+ Ke6 40. Rxc7 Kd5
41. Nb6+ Kxc5 42. Nxa4+ Kd6 43. Rf7 Ne5 44. Rg7 Nf3 45. Rg6+ Kc7 46. c4 Kd7 47. Nc5+ Kc7 48. Na6+ Kb6 49. c5+ Ka5 50. Nb8 Kb4
51. Rxc6 Nd4 52. Rc8 e2 53. Na6+ Ka5 54. Kg2 e1=Q 55. Ra8 Qe4+ 56. Kf2 Qf3+ 57. Kg1 Qxa8 58. Nc7 Qc6 59. Nd5 Qxd5 60. c6 Qxc6
61. h3 Qf3 62. Bg2 Qg3 63. h4 Qxh4
0-1

[Event "Autumn 2010"]
[Site "SchemingMind.com"]
[Date "2010.10.01"]
[Round "-"]
[White "ashtonkroz"]
[Black "pclaxton"]
[Result "0-1"]
[WhiteCountry "ENG"]
[BlackCountry "ENG"]
[WhiteElo "1447"]
[WhiteRD "73"]
[BlackElo "1300"]
[BlackRD "64"]
[GameID "262138"]

1. e4 e5 2. Nf3 d6 3. h3 Nf6 4. Nc3 Be6 5. d4 exd4 6. Qxd4 c5 7. Qa4+ Bd7 8. Bb5 a6 9. Bxd7+ Nbxd7 10. e5 dxe5
11. Nxe5 b5 12. Qf4 Bd6 13. Qe3 Bxe5 14. f4 Qe7 15. fxe5 Nxe5 16. Bd2 Nc4 17. Qxe7+ Kxe7 18. O-O-O b4 19. Rhe1+ Kd6 20. Ne4+ Nxe4
21. Rxe4 Nxd2 22. Rxd2+ Kc6 23. Re7 Rhf8 24. Rf2 f6 25. Rxg7 Rad8 26. Rxh7 Rfe8 27. Rxf6+ Kb5 28. Rb7+ Ka5 29. b3 Re1+ 30. Kb2 Rdd1
31. Rxb4 cxb4 32. Rf5+ Kb6 33. Rf6+ Kc5 34. Rf5+ Kd6 35. c3 Re2#
0-1

[Event "Autumn 2010"]
[Site "SchemingMind.com"]
[Date "2010.10.02"]
[Round "-"]
[White "tom claxton"]
[Black "pclaxton"]
[Result "0-1"]
[WhiteCountry "ENG"]
[BlackCountry "ENG"]
[WhiteElo "1438"]
[WhiteRD "59"]
[BlackElo "1300"]
[BlackRD "64"]
[GameID "262139"]

1. e4 d5 2. e5 Nc6 3. f4 f6 4. d4 g5 5. Qh5+ Kd7 6. f5 Nxd4 7. e6+ Kc6 8. Bd2 Nxf5 9. Nf3 Qd6 10. Qf7 Bxe6
11. Qh5 Ng7 12. Bb5+ Kxb5 13. Nd4+ Kc5 14. Nxe6+ Qxe6+ 15. Qe2 Qf5 16. Qe3+ Kd6 17. Bb4+ c5 18. Qxc5+ Kd7 19. Nd2 Qe5+ 20. Kd1 Qxb2
21. Qb5+ Kc8 22. Qc5+ Kd8 23. Qxd5+ Ke8 24. Bc3 Qxc3 25. Rc1 e6 26. Qxb7 Rd8 27. Qb5+ Rd7 28. Qe2 Bb4 29. Ke1 Nf5 30. Qxe6+ Re7
31. Qxe7+ Ngxe7 32. Rd1 Ne3 33. Ke2 Nxd1 34. Rxd1 Qxc2 35. g3 Nf5 36. g4 Nd4+ 37. Ke1 Nf3+ 38. Ke2 Bxd2 39. Rxd2 Qxd2+ 40. Kxf3 Qxh2
41. a4 Qf4+ 42. Ke2 Qxg4+ 43. Ke3 h5 44. Kd3 Kf7 45. Ke3 Re8+ 46. Kd3 Qe4+ 47. Kc3 Qxa4 48. Kd3 Re4 49. Kd2 Qc4 50. Kd1 Re3
51. Kd2 Qc3+ 52. Kd1 Qd3+ 53. Kc1 Qe2 54. Kb1 Qd2 55. Ka1 Re1#
0-1